000 01309cam a2200265 4500
008 040601n2004 000 0 eng u
020 _a1860816789
035 _a(Sirsi) u126332
041 _aeng
050 _a615.625756
_c18
100 _aScivyer, Chris
245 _aBuying homes in radon-affected areas
_bfor solicitors, conveyancers, surveyors, estate agents, buyers and sellers
260 _aWatford
_bBRE
_c2004
300 _aiv, 50p.
_c24cm.
350 _a27.50
520 _aThis guide provides advice to anyone involved in buying and selling homes in areas affected by radon. It explains in simple terms what radon is, how to measure it and practical methods for reducing the risk from radon. It's common-sense approach to addresses the issue of radon during a property transaction,and includes information on a radon retention or bond whereby a small sum of the purchase money is withheld to pay for remedial works should they be needed. The guide is written mainly for professionals, although it will be of use to the lay person.
650 _aRADON GAS
650 _aHAZARDOUS SUBSTANCES
650 _aRADIOACTIVE GAS
650 _aPROPERTY TRANSACTIONS
650 _aRADON AFFECTED AREAS
650 _aRADON AND BUILDINGS
690 _aENVIRONMENT-CONTAMINATION
942 _n0
999 _c103608
_d103608